00382nam a2200133 a 450000500170000000800410001705000220005810000230008024500430010326000280014630000070017465000310018165000360021220140414132142.0140201s19uu xx 00 eng d aREF 612bAr1 2002 aArora, Greeta Rani aHuman body:billustrated encyclopedia. aUSA :bPegasus,cc2002. a32 aHuman anatomy-encyclopedia aHuman physiology-xencyclopedia